Quizzes
Events
Quiz Creation
Community
Videos
Private Events
Remove Ads
Sign In
Join for FREE
Feedback
Dark Mode
Quiz Categories
Sports
Geography
Music
Movies
Television
Just For Fun
Miscellaneous
History
Literature
Language
Science
Gaming
Entertainment
Religion
Holiday
For Kids
Quiz Lab
Recent
Popular Today
Quiz Kudos Today
Editor Picks
Curator Picks
Quizzes by...
Day
Popularity
Type
Ratings
Length
Year
Community
Subscriptions
Recent Discussions
Orange Saloon
Badges
Playlists
Quests
Create
Leaderboards
Showdown
Live 5
Trivia Bingo
Activity
Puzzle Library
Sporcle Events
Private Events
Virtual Trivia
Globe League
Become a Host
Pub Owners
SporcleCon
Opinionation
Our Games
Videos
Blog
Mobile Apps
Partnerships
Remove Ads and Go Orange
Feedback
Sports
Athletes
MLB
NBA
NHL
NFL
Soccer
Sports Teams
WWE
NCAA
Football
Premier League
Basketball
Baseball
Hockey
Golf
Tennis
Cricket
Rugby
Auto Racing
Olympics
World Cup
Sports
Athletes
MLB
NBA
NHL
NFL
Soccer
Sports Teams
WWE
NCAA
Football
Premier League
Basketball
Baseball
Hockey
Golf
Tennis
Cricket
Rugby
Auto Racing
Olympics
World Cup
Random Quiz
Search Sporcle
×
Quiz Lab
Quiz Lab
Sports
NFL
Type in answers that appear in a list
Type in answers that appear in a list
Classic
Best Score? Go Orange.
NFL Sports Stadiums Stats
Can you name the NFL Sports Stadiums
By
KOTenacious
15m
32 Questions
31 Plays
31 Plays
31 Plays
Comments
Comments
Give Quiz Kudos
Give Quiz Kudos
-
- Ratings
hide this ad
Replay
Link that replays current quiz
Next Quiz
Link to next quiz in quiz playlist
You Got
0%
They Got
Avg Score
39%
Avg Friend Score
Upgrade to see
Score Distribution
Jump to the score distribution portion of the page
Score
0/32
Timer
15:00
0
Plays Today
Hint
Answer
% Correct
Kansas City Chiefs
Arrowhead Stadium
87.1%
Green Bay Packers
Lambeau Field
83.3%
New England Patriots
Gillette Stadium
73.3%
New Orleans Saints
Superdome
70%
Pittsburgh Steelers
Heinz Field
66.7%
Detroit Lions
Ford Field
63.3%
Dallas Cowboys
AT&T Stadium
56.7%
Atlanta Falcons
Georgia Dome
56.7%
Washington Redskins
FedEx Field
53.3%
Indianapolis Colts
Lucas Oil Stadium
53.3%
New York Jets
MetLife Stadium
50%
New York Giants
MetLife Stadium
50%
San Diego Chargers
Qualcomm Stadium
50%
San Francisco 49ers
Levi's Stadium
43.3%
Philadelphia Eagles
Lincoln Financial Field
43.3%
Buffalo Bills
Ralph Wilson
43.3%
Hint
Answer
% Correct
Cincinnati Bengals
Paul Brown Stadium
40%
Miami Dolphins
Sun Life Stadium
40%
Seattle Seahawks
CenturyLink field
36.7%
St. Louis Rams
Edward Jones Dome
33.3%
Arizona Cardinals
University of Phoenix Stadium
33.3%
Jacksonville Jaguars
EverBank Field
30%
Carolina Panthers
Bank Of America Stadium
26.7%
Tampa Bay Buccaneers
Raymond James Stadium
26.7%
Tennessee Titans
LP Field
23.3%
Denver Broncos
Sports Authority Field
23.3%
Cleveland Browns
FirstEnergy Field
10%
Minnesota Vikings
TCF Bank Stadium
10%
Chicago Bears
Solider Field
10%
Houston Texans
NRG Stadium
6.7%
Oakland Raiders
O.Co Stadium
6.7%
Baltimore Ravens
M&T Stadium
3.3%
Quiz Playlist
Details
Report
Send in Message
Add To Playlist
Classic:
Type in answers that appear in a list
Last Updated: Feb 16, 2017
Quiz Scoreboard
CHALLENGE
Sign Up to Join the Scoreboard
Show All
Scores
Hide
Comments
May contain spoilers
Recently Published
An Introduction to Baseball
by treessimontrees
Sports
5m
Movies - When Are They Set?
by FPL_Elf
Movies
5m
Popular People in 1961
by mucciniale
History
6m
More to Explore
Quiz From the Vault
Featured Blog Post
Where Did the Easter Bunny Come From?
hide this ad
You Might Also Like...
Tags
NFL Quiz
Today's Top Quizzes in Sports
Browse Sports
hide this ad
Today's Top Quizzes in NFL
Browse NFL
Top Contributed Quizzes in Sports
1
Les meilleurs buteurs des matchs entre le PSG et l’OM
2
2022 World Cup Stars
3
FIFA Club World Cup Champions
4
Les entraîneurs de l'OM et du PSG au 21e siècle
5
Name the Premier League winners with different clubs
6
La finale Lions - Afrique du Sud 2021
7
Les joueurs passés par le LOSC et le RC Lens
8
Criteria MLB: Left Handed Sluggers
9
Players with Multiple 50 Home Run Seasons
10
5-to-1: UK Sports Teams
Explore More
Trending Topics
Crossword
Anime
Disney
Marvel
Kpop
Harry Potter
NBA
Soccer
NFL
Pokémon
The Office
WWE
Puzzle
Song
Country
hide this ad
More By:
KOTenacious
Quiz
Plays
Rating
Category
Featured
Created
NFL Sports Stadiums
31
Sports
Sep 16, 2014
Go to Creator's Profile
Score Distribution
Quiz Creator Spotlight
KOTenacious
Follow
Send a Message
Quizzes Created
-
Created Quiz Play Count
-
More By This Creator
Popular Quizzes Today
1
Find the Countries of Europe - No Outlines Minefield
2
Find the US States - No Outlines Minefield
3
The Countries of the World
4
Popular People in 1961
5
US States
6
Find the US States
7
1-10 Letter E Words III
8
Risky Map Clicking: Biggest States A-Z
More Sports Quizzes
MLB Teams with Consecutive 100 Win Seasons
Published
Trending Quizzes
Risky Map Clicking: Least Populous States A-Z
1-10 Letter F Words
1-10 Letter G Words
Not Quite an Element Typing Challenge
One Thing in Common: United Kingdom
Recently Updated
Leaping Animals
pecheneg
Reality TV Shows (A-Z)
bhenderson79
Rickey Henderson's Hall of Fame Teammates
pecheneg
Champions League XIs: Arsenal
pecheneg
Quick Pick: Celebrities in WWE's Hall of Fame
aduchscher
A-Z Keypad Blitz II
pecheneg
Multiple Oscar Actors
pecheneg
Mystery Phrase Blitz: Oscar 'Best Actors'
pecheneg
F. Scott Fitzgerald Novels
LTH
Pick 3 Villains
ddd62291
Trending Topics
Disney
Crossword
Anime
NBA
Harry Potter
Kpop
Marvel
Pokémon
Soccer
NFL
Country
The Office
Song
Puzzle
WWE
Your Account Isn't Verified!
In order to create a playlist on Sporcle, you need to verify the email address you used during registration. Go to your
Sporcle Settings
to finish the process.
Report this User
Report this user for behavior that violates our
Community Guidelines
.
Details:
Send Report
Go to the Sporcle.com Mobile Site →
Comments